The Indian Succession Act, 1925: (Record no. 189430)

MARC details
000 -LEADER
fixed length control field 00973nam a22001817a 4500
005 - DATE AND TIME OF LATEST TRANSACTION
control field 20220701142706.0
010 ## - LCCN (DPL NO)
LC control number B-744786 RP Aruna Nagar
020 ## - INTERNATIONAL STANDARD BOOK NUMBER
Terms of availability 140.00
035 ## - SYSTEM CONTROL NUMBER
System control number B-744786
037 ## - SOURCE OF ACQUISITION
Source of stock number/acquisition Pansy Books
082 ## - DEWEY DECIMAL CLASSIFICATION NUMBER
Classification number 346.54052
245 ## - TITLE STATEMENT
Title The Indian Succession Act, 1925:
Remainder of title (39 of 1925) Incorporating The Jammu and Kashmir Reorganisation Act, 2019 (34 of 2019) with Model Specimens Will, Will (Another Format), Will in favour of relations , Petition for obtaining Letter of administration, Petition for obtaining a Probate /
260 ## - PUBLICATION, DISTRIBUTION, ETC. (IMPRINT)
Place of publication, distribution, etc Gurgaon
Name of publisher, distributor, etc LexisNexis
Date of publication, distribution, etc 2022
270 ## - ADDRESS
Address 14th Floor, Building No.10, Tower-B, DLF Cyber City, Phase-II
City Gurgaon
Postal code 122002
Telephone number 911244774444
300 ## - PHYSICAL DESCRIPTION
Extent xiv,115p.
Dimensions 23cm(pbk)
942 ## - ADDED ENTRY ELEMENTS (KOHA)
Source of classification or shelving scheme Dewey Decimal Classification
Item type English Books
Call number suffix IND
Classification part 346.54052
Holdings
Withdrawn status Lost status Not for loan Collection code Home library Current library Date acquired Source of acquisition Cost, normal purchase price Full call number Barcode Copy number Cost, replacement price Koha item type
      Non-fiction RC3 Aruna Nagar RC3 Aruna Nagar 01/07/2022 Pansy Books/108/27.06.22/89/20.06.22/28.06.22 140.00 346.54052 IND B-744786 1 140.00 English Books

© Delhi Public Library
Hit Counter
free hit counter